000 00549cam a22001933a 4500
001 39459
003 PGUSA
005 20140828083857.0
008 120416s2012||||xxu|||||s|||||000 | eng d
040 _aPGUSA
_beng
042 _adc
245 1 4 _aThe Contemporary Review, Volume 36, October 1879
_h[electronic resource] /
_cVarious
260 _bProject Gutenberg,
_c2012
506 _aPublic domain in the USA.
516 _aElectronic text
830 0 _aProject Gutenberg
_v39459
856 4 0 _uhttp://www.gutenberg.org/ebooks/39459
942 _cEB
999 _c268712
_d268712